| 000 | 00567nam a2200193Ia 4500 | ||
|---|---|---|---|
| 003 | IN-BaIIA | ||
| 008 | 211028s9999 xx 000 0 eng d | ||
| 020 | _a3-540-18433-3 | ||
| 040 | _cIIA Library | ||
| 080 |
_a52-13 _bLEN |
||
| 100 |
_alena, Pierre _915572 |
||
| 245 | 0 |
_aObservational astrophysics _cPierre lena |
|
| 260 |
_aBerlin _bSpringer-Verlag _c1988 |
||
| 300 | _axii, 328p. | ||
| 650 | _aAstronomy and astrophysics thesaurus | ||
| 650 |
_aAstrophysics _9794 |
||
| 650 |
_aObservations _9977 |
||
| 942 | _cBK | ||
| 999 |
_c11243 _d11243 |
||